000 00994cam a22003253a 4500
001 28524
003 PGUSA
005 20140828083621.0
008 090406s2009||||xxu|||||s|||||000 1 eng d
040 _aPGUSA
_beng
042 _adc
050 4 _aPS
050 4 _aPZ
100 1 _aWarner, Susan,
_d1819-1885
245 1 0 _aNobody
_h[electronic resource] /
_cSusan Warner
260 _bProject Gutenberg,
_c2009
506 _aPublic domain in the USA.
516 _aElectronic text
653 _aBrothers and sisters -- Juvenile fiction
653 _aVoyages and travels -- Juvenile fiction
653 _aConduct of life -- Juvenile fiction
653 _aSocial status -- Juvenile fiction
653 _aHappiness -- Juvenile fiction
653 _aChristian life -- Juvenile fiction
653 _aGardens -- Juvenile fiction
653 _aCourtship -- Juvenile fiction
830 0 _aProject Gutenberg
_v28524
856 4 0 _uhttp://www.gutenberg.org/ebooks/28524
942 _cEB
999 _c257779
_d257779